| 000 | 00636cam a22002174a 4500 | ||
|---|---|---|---|
| 020 | _a2845861168 | ||
| 040 | _cDLC | ||
| 082 | 0 | 0 | _a630 ICR 2000 A042 Or. |
| 245 | 0 | 4 |
_aLes enquêtes participatives en débat : _bambition, pratiques et enjeux / |
| 260 |
_aParis : _bGRET : _bKarthala ; _aMontpellier : _bICRA, _cc2000. |
||
| 300 |
_a543 p. : _bill. ; _c24 cm. |
||
| 490 | 1 | _aEconomie et développement | |
| 650 | 0 | _aAgriculture | |
| 650 | 0 | _aAgriculture | |
| 650 | 0 | _aAgriculture | |
| 650 | 0 | _aAgriculture | |
| 700 | 1 | _aLavigne Delville, Philippe. | |
| 700 | 1 | _aSellamna, Nour-Eddine. | |
| 700 | 1 | _aMathieu, Marilou. | |
| 942 | _cFB | ||
| 999 |
_c12657 _d12657 |
||